00718nam a2200193 a 450000100100000000500170001000800410002704000250006808200080009311000160010124500910011726000350020830000300024350400740027304900090034770000430035695201080039999900170050700002770320260305073951.0110404s1982 dr b 000 0 spa d aDO-SdBNPbspacBNPHU axxx0 aForum9856314aLos problemas del sector rural en la República Dominicana /cEditor Frank Moya Pons. aSanto Domingo :bFORUM,c1982. a233 p. :bmapa. ;c22 cm. aIncluye referencias bibliográficas y notas al pie de las páginas. aBNPD1 aMoya Pons, Frank,d1944-eEditor92095 0010718PDaPDbPDcHDd2011-04-04iLF1l0oxxx p27703-10r2020-06-25w2020-06-25yLFPDZNo se presta c27195d27195